000 01042cam a22003374a 4500
999 _c1532
_d1532
001 13102778
003 OSt
005 20210628110537.0
008 030220s2004 caua b 001 0 eng
010 _a 2003004328
020 _a0805328491 (hdc.)
035 _a(DNLM)101168310
040 _aDNLM/DLC
_cDLC
_dDLC
042 _apcc
050 0 0 _aQP301
_b.G24 2004
060 1 0 _aWS 103
_bG112L 2004
082 0 0 _a612/.04
_221
100 1 _aGabbard, Carl,
_d1948-
245 1 0 _aLifelong motor development /
_cCarl P. Gabbard.
250 _a4th ed.
260 _aSan Francisco :
_bBenjamin Cummings,
_cc2004.
300 _axx, 471 p. :
_bill. ;
_c25 cm.
504 _aIncludes bibliographical references (p. 441-454) and index.
650 0 _aMotor ability.
650 0 _aHuman growth.
650 1 2 _aHuman Development.
650 2 2 _aMotor Activity
_xphysiology.
906 _a7
_bcbc
_corignew
_d1
_eecip
_f20
_gy-gencatlg
942 _2lcc
_cBK
_nDO